=LDR 00000nam 2200000 4500 =001 INLIS000000000024537 =005 20130612123122 =008 ***********************************Ind** =035 ##$$0010-061300000024537 =041 ##$$a Ind =082 ##$$a 92 =090 ##$$a 92, Par t =100 ##$$a Parker, Steve =245 ##$$a thomas Edison, Steve Parker =260 ##$$a 1999 $b Jakarta =300 ##$$a 31 hlm, 28 cm =650 ##$$a Penemu ilimiah =850 ##$$a NBPNMAT